[Event "Masters"]
[Site "Singapore SIN"]
[Date "2006.12.29"]
[Round "7"]
[White "Wu Wenjin"]
[Black "Gomez,Joh"]
[Result "1-0"]
[WhiteElo "2476"]
[BlackElo "2387"]

1.d4 Nf6 2.c4 e6 3.g3 Bb4+ 4.Bd2 Qe7 5.Bg2 O-O 6.Nc3 Nc6 7.a3 Bxc3 8.Bxc3 d6
9.e3 e5 10.d5 Nb8 11.Qc2 c6 12.Ne2 cxd5 13.cxd5 b6 14.O-O Bb7 15.Rfd1 Nbd7
16.Rac1 Rfc8 17.e4 Ba6 18.f3 Rc7 19.Kf2 Nc5 20.Bh3 Bc4 21.Qb1 Bb3 22.Rd2 a5
23.Re1 Bc4 24.Nc1 Bb5 25.Re3 Bd7 26.Bxd7 Qxd7 27.Kg2 Rac8 28.Ne2 Qb5 29.Qe1 Nb3
30.Rd1 Nd7 31.g4 Ndc5 32.Qh4 Na4 33.Ng3 f6 34.g5 Nxc3 35.bxc3 fxg5 36.Qxg5 Qd7
37.Nf5 Rf8 38.h4 Qd8 39.Qg4 Qf6 40.Kf2 a4 41.h5 Na5 42.Rg1 Nc4 43.Ree1 Nxa3
44.Ra1 Nb5 45.c4 Nd4 46.Nxd4 exd4 47.Rxa4 Rcf7 48.Ra3 d3 49.Rxd3 Qb2+ 50.Kg3 Qe2
51.Rgd1 Rf4 52.Qxf4 Rxf4 53.Kxf4 Kf7 54.Kg3 Kf6 55.R1d2 Qe1+ 56.Kg2 Ke5 57.Rf2 Kf4
58.Rdd2 Qa1 59.Rb2 Qa7 60.Rbe2 Qe7 61.e5 dxe5 62.Re4+ Kf5 63.Rfe2 Qg5+ 64.Kf2 Kf6
65.d6 Qc1  1-0

[Event "TCh-NOR 2006-7"]
[Site "Oslo NOR"]
[Date "2007.01.14"]
[Round "6"]
[White "Lahlum,H"]
[Black "Jansson,J"]
[Result "0-1"]
[WhiteElo "2211"]
[BlackElo "2261"]

1.d4 Nf6 2.c4 e6 3.g3 Bb4+ 4.Bd2 Qe7 5.Bg2 O-O 6.Nf3 Bxd2+ 7.Nbxd2 d6 8.Qc2 e5
9.O-O e4 10.Ng5 e3 11.Nde4 Nxe4 12.Nxe4 Nc6 13.Qd3 exf2+ 14.Rxf2 Bg4 15.Nc3 Nb4
16.Qd2 c6 17.a3 Na6 18.b4 Rae8 19.b5 Nb8 20.Rf4 Bh5 21.e4 Nd7 22.Re1 f6 23.Bh3 Nb6
24.Bf1 Bf7 25.bxc6 bxc6 26.Qa2 Qb7 27.a4 Nc8 28.Qa3 Qb6 29.Rd1 Qc7 30.a5 Ne7
31.Bd3 Rb8 32.Rff1 h5 33.Rb1 h4 34.Kg2 Ng6 35.Ne2 c5 36.Rxb8 Rxb8 37.Nf4 cxd4
38.Nxg6 Bxg6 39.Qa2 Qc5 40.a6 Re8 41.Rf4 hxg3 42.hxg3 Re5 43.Qb2 Bf7 44.Qb7 Be8
45.Qb8 Qa5 46.Rf5 Qd2+ 47.Kh3 Qxd3 48.Rxe5 Qf1+ 49.Kh2 Qe2+ 50.Kh3 dxe5 51.Qxe8+ Kh7
52.Qd7 Qxe4 53.c5 Qh1+ 54.Kg4 Kh6 55.Qf7 d3 56.Qe8 Qe4+ 57.Kh3 d2 58.Qh8+ Kg6
59.Qe8+ Kg5  0-1

[Event "Stone Flower A"]
[Site "Nizhnij Tagil RUS"]
[Date "2007.01.20"]
[Round "7"]
[White "Iskusnyh,S"]
[Black "Maletin,P"]
[Result "0-1"]
[WhiteElo "2482"]
[BlackElo "2527"]

1.d4 Nf6 2.c4 e6 3.g3 Bb4+ 4.Bd2 c5 5.Bxb4 cxb4 6.Bg2 O-O 7.e4 d6 8.Ne2 e5
9.a3 Qb6 10.Qd2 b3 11.Nbc3 Nc6 12.Rd1 Na5 13.c5 dxc5 14.dxe5 Nc4 15.Qc1 Nxe5
16.f4 Nc6 17.e5 Nd7 18.O-O Qa6 19.Qe3 c4 20.Nd5 Qa5 21.Rc1 Qc5 22.Rfd1 Rb8
23.Qxc5 Nxc5 24.Rxc4 b6 25.Nd4 Na5 26.Rcc1 Bd7 27.Rd2 f6 28.exf6 gxf6 29.Re1 Kg7
30.Re7+ Rf7 31.Rde2 Rf8 32.Rxf7+ Rxf7 33.Bf3 Kh6 34.Ne3 Kg6 35.h4 Re7 36.g4 Nd3
37.f5+ Kf7 38.Bd5+ Ke8 39.Ne6 Nc5 40.Nf4 Bb5 41.Re1 Nc4 42.Bxc4 Bxc4 43.Kf2 Ne4+
44.Kg2 Nd6 45.Kf3 Ba6 46.Rc1 Bb7+ 47.Kf2 Ne4+ 48.Kg1 Nc5 49.Nc4 Rg7 50.Ne3 Re7
51.Ned5 Bxd5 52.Nxd5 Re2 53.Nxf6+ Kf7 54.g5 Rxb2 55.Ng4 Rc2 56.Re1 b2 57.f6  0-1

[Event "5th I Platonov Mem"]
[Site "Kyiv UKR"]
[Date "2007.02.06"]
[Round "5"]
[White "Kruppa,Y"]
[Black "Lutsko,I"]
[Result "1-0"]
[WhiteElo "2531"]
[BlackElo "2438"]

1.d4 Nf6 2.c4 e6 3.g3 Bb4+ 4.Bd2 c5 5.Bxb4 cxb4 6.Bg2 Qc7 7.Nd2 Nc6 8.Ngf3 d6
9.Rc1 O-O 10.d5 exd5 11.cxd5 Nxd5 12.Nc4 Be6 13.Ng5 Nce7 14.e4 Nc3 15.Qh5 h6
16.Nxe6 fxe6 17.Ne3 d5 18.exd5 exd5 19.bxc3 d4 20.Nd5 Nxd5 21.Bxd5+ Kh8 22.Be4 Rf6
23.c4 Qe7 24.f3 b3 25.O-O bxa2 26.Qa5 Ra6 27.Qf5 g6 28.Qf4 Rd8 29.Qxh6+ Qh7
30.Qg5 Rd7 31.Rfe1 d3 32.Bd5 Qh5 33.Qe3 Kh7 34.Qxd3  1-0

[Event "ch-CZE"]
[Site "Praha CZE"]
[Date "2007.02.16"]
[Round "11"]
[White "Jirka,J"]
[Black "Stocek,J"]
[Result "0-1"]
[WhiteElo "2360"]
[BlackElo "2566"]

1.d4 Nf6 2.c4 e6 3.g3 Bb4+ 4.Bd2 a5 5.Bg2 d6 6.Nf3 Nbd7 7.O-O e5 8.Qc2 O-O
9.Nc3 Re8 10.e4 h6 11.h3 c6 12.Rad1 exd4 13.Nxd4 Ne5 14.b3 Bd7 15.Be3 Qe7
16.Nde2 Ng6 17.Bd4 Rac8 18.f4 b5 19.Qd3 bxc4 20.bxc4 Nf8 21.e5 dxe5 22.fxe5 N6h7
23.Ne4 Ng5 24.N2c3 Nxh3+ 25.Kh2 Ng5 26.Nxg5 Qxg5 27.Ne4 Qh5+ 28.Kg1 Bg4 29.Bf3 Rcd8
30.Bxg4 Qxg4 31.Qe3 c5 32.Nd6 Rxd6  0-1

[Event "Interclubes Paulista"]
[Site "Sao Paulo BRA"]
[Date "2007.02.24"]
[Round "1"]
[White "D'Israel,D"]
[Black "Schutt,Ri"]
[Result "1-0"]
[WhiteElo "2277"]
[BlackElo "2153"]

1.d4 e6 2.c4 Nf6 3.g3 Bb4+ 4.Nd2 O-O 5.Bg2 d5 6.Nf3 Nc6 7.O-O Re8 8.Qb3 a5
9.a3 a4 10.Qc2 Bxd2 11.Bxd2 Ne4 12.Bf4 Nd6 13.Bxd6 Qxd6 14.Rac1 Bd7 15.Rfd1 Rec8
16.e4 dxc4 17.Qxc4 Na5 18.Qd3 Nb3 19.Rc3 Qe7 20.h4 Be8 21.Nd2 Nxd2 22.Qxd2 Ra6
23.Rdc1 Rb6 24.R1c2 Rd6 25.e5 Rb6 26.Qe3 Rb5 27.Bf1 Rb6 28.d5 Rb3 29.Rxb3 axb3
30.Qxb3 exd5 31.Qxb7 Qd8 32.Bh3 Bd7 33.Bxd7 Qxd7 34.Rc6 Qd8 35.Rc5 c6 36.Rxc6 Rxc6
37.Qxc6 d4 38.Qd6  1-0

[Event "I Open"]
[Site "La Laguna ESP"]
[Date "2007.03.12"]
[Round "9"]
[White "Mikhalevski,V"]
[Black "Villavicencio,A"]
[Result "1-0"]
[WhiteElo "2590"]
[BlackElo "2404"]

1.d4 Nf6 2.c4 e6 3.g3 Bb4+ 4.Bd2 a5 5.Bg2 O-O 6.Nf3 b6 7.Ne5 Ra7 8.O-O Bb7
9.Bxb7 Rxb7 10.Bf4 Be7 11.Nc3 d6 12.Nd3 c5 13.dxc5 bxc5 14.e4 d5 15.exd5 exd5
16.Qf3 Nc6 17.Nxd5 Nxd5 18.Qxd5 Qxd5 19.cxd5 Nb4 20.Nxb4 Rxb4 21.Rac1 Rxb2
22.d6 Bf6 23.Rxc5 Rxa2 24.d7 Be7 25.Rc8 g5 26.Bd6  1-0

[Event "Bundesliga 2006-7"]
[Site "Bindlach GER"]
[Date "2007.03.18"]
[Round "13"]
[White "Stohl,I"]
[Black "Dolezal,R1"]
[Result "1/2-1/2"]
[WhiteElo "2549"]
[BlackElo "2422"]

1.d4 Nf6 2.c4 e6 3.g3 Bb4+ 4.Bd2 Qe7 5.Bg2 Bxd2+ 6.Qxd2 d6 7.Nc3 O-O 8.Nf3 c6
9.O-O Nbd7 10.e4 e5 11.b3 Re8 12.Ne1 exd4 13.Qxd4 Nc5 14.Nc2 Ne6 15.Qd2 Qc7
16.Rad1 Rd8 17.Rfe1 b6 18.Re3 Bb7 19.Rd3 Ne8 20.Qe2 a6 21.Ne3 b5 22.b4 a5
23.cxb5 axb4 24.bxc6 Ba6 25.Ncd5  1/2-1/2

[Event "Vladimir Zak mem"]
[Site "St Petersburg RUS"]
[Date "2007.03.29"]
[Round "6"]
[White "Pleshkov,M"]
[Black "Klobukov,S"]
[Result "0-1"]
[WhiteElo "2078"]
[BlackElo "1988"]

1.d4 Nf6 2.c4 e6 3.g3 Bb4+ 4.Bd2 Qe7 5.Bg2 O-O 6.Nf3 Bxd2+ 7.Nbxd2 d6 8.O-O Nc6
9.e4 e5 10.d5 Nb8 11.b4 a5 12.a3 axb4 13.axb4 Rxa1 14.Qxa1 Na6 15.Qc3 Bg4
16.Rc1 Nd7 17.Ne1 Qg5 18.h4 Qe7 19.f3 Bh5 20.g4 Qxh4 21.gxh5 Nf6 22.Nd3 Nxh5
23.Nf1 f5 24.Qe1 Qg5 25.Qe3 f4 26.Qf2 Nf6 27.b5 Nc5 28.Nxc5 dxc5 29.Rc3 b6
30.Ra3 h5 31.Kh1 h4 32.Bh3 Nh5 33.Ra7 Ng3+ 34.Nxg3 fxg3 35.Qf1 Qd2 36.Qg1 Rxf3
37.Ra8+ Kh7 38.Bf5+ g6 39.Bxg6+ Kxg6 40.Rg8+ Kf7 41.Rh8 Qe2  0-1

[Event "ch-Catalonia"]
[Site "Barcelona ESP"]
[Date "2007.04.05"]
[Round "5"]
[White "Lopez Gallego,M"]
[Black "Fernandez Gonzalez,J"]
[Result "0-1"]
[WhiteElo "1945"]
[BlackElo "2072"]

1.d4 Nf6 2.c4 e6 3.g3 Bb4+ 4.Bd2 Qe7 5.Bg2 a5 6.Nc3 O-O 7.Nf3 d6 8.O-O Bd7
9.a3 Bxc3 10.Bxc3 a4 11.Nd2 Bc6 12.e4 e5 13.dxe5 dxe5 14.Bb4 Qe6 15.Bxf8 Kxf8
16.b4 axb3 17.Qxb3 Na6 18.Qc3 Nc5 19.f3 Rd8 20.Qb4 Qd6 21.Nb3 Nxb3 22.Qxb3 Qc5+
23.Kh1 Rd4 24.Rac1 Qa7 25.Qb4+ Kg8 26.Rfd1 Nd7 27.Rxd4 exd4 28.c5 d3 29.Bf1 d2
30.Rd1 h6 31.Rxd2 Nxc5 32.Rd8+ Kh7 33.Qd4 Qxa3 34.Qf2 b6 35.Rc8 Qc1 36.Kg2 Ne6
37.Bd3 Bd7 38.e5+ g6 39.Rb8 Ng5 40.g4 Ne6 41.Kg3 Qf4+ 42.Kg2 Qxe5 43.Kh1 Qa1+
44.Qf1 Qa7 45.Qd1 Qxb8 46.Bxg6+ Kxg6 47.Qxd7 Qd8 48.Qc6 Qd1+ 49.Kg2 Qe2+
50.Kg1 Qe5 51.Qe8 Qe1+  0-1

[Event "ch-Catalonia"]
[Site "Barcelona ESP"]
[Date "2007.04.07"]
[Round "7"]
[White "Perez Calahorra,R"]
[Black "Garcia Clemente,J"]
[Result "1/2-1/2"]
[WhiteElo "2136"]
[BlackElo "2021"]

1.d4 Nf6 2.c4 e6 3.g3 Bb4+ 4.Bd2 Qe7 5.Bg2 Nc6 6.a3 Bxd2+ 7.Qxd2 a5 8.Nc3 d6
9.Nf3 O-O 10.O-O e5 11.d5 Nb8 12.Nh4 g6 13.Qg5 Nxd5 14.Qd2 Nxc3 15.Qxc3 Nc6
16.Nf3 Bg4 17.h3 Be6 18.Rad1 Rab8 19.Rd2 b6 20.Rfd1 f6 21.b3 Kg7 22.h4 Nd8
23.b4 axb4 24.axb4 Nf7 25.Nh2 f5 26.Ra1 Qf6 27.Ra7 Rbc8 28.Bb7 Rb8 29.Bd5 Rbc8
30.Bb7 Rb8 31.Bd5 Rbc8 32.Bb7  1/2-1/2

[Event "ch-Catalonia"]
[Site "Barcelona ESP"]
[Date "2007.04.09"]
[Round "9"]
[White "Beltran Rueda,S"]
[Black "Cruz,Cr"]
[Result "1/2-1/2"]
[WhiteElo "2381"]
[BlackElo "2399"]

1.d4 Nf6 2.c4 e6 3.g3 Bb4+ 4.Bd2 Be7 5.Bg2 d5 6.Nf3 O-O 7.O-O dxc4 8.Qc2 Bd7
9.Qxc4 Bc6 10.Nc3 Nbd7 11.Rfe1 Ne4 12.Bf4 Nxc3 13.bxc3 Be4 14.Red1 Rc8 15.Qb3 c5
16.dxc5 Qe8 17.Rxd7 Qxd7 18.Ne5 Qd5 19.c4 Qxc5 20.Bxe4 Qd4 21.Qb1 Bf6 22.e3 Qc3
23.Bxh7+ Kh8 24.Qd1 Bxe5 25.Qh5 Bxf4 26.gxf4 g6 27.Bxg6+ Kg7 28.Qh7+ Kf6
29.Rd1 Ke7 30.Rd4 Qa3 31.f5 Qc5 32.Re4 Kd6 33.Bxf7 exf5 34.Rd4+ Kc7 35.Bd5+ Kb6
36.Qxb7+ Ka5 37.Be6 Rcd8 38.Bd7 Rg8+ 39.Kf1 Rb8 40.Qd5 Rb1+ 41.Ke2 Rb2+ 42.Kf3 Qxd5+
43.Rxd5+ Kb6 44.a4 Rh8 45.Kg3 Rg8+ 46.Kf3 Rh8 47.Kg3  1/2-1/2

[Event "FSIMB April"]
[Site "Budapest HUN"]
[Date "2007.04.10"]
[Round "4"]
[White "Ignacz,M"]
[Black "Mihok,O"]
[Result "0-1"]
[WhiteElo "2238"]
[BlackElo "2357"]

1.d4 Nf6 2.c4 e6 3.g3 Bb4+ 4.Nd2 c5 5.dxc5 Bxc5 6.Bg2 Qb6 7.Nh3 a5 8.O-O a4
9.Qc2 Nc6 10.Ne4 Nxe4 11.Qxe4 O-O 12.Ng5 f5 13.Qh4 h6 14.Nh3 Bd4 15.Rb1 d6
16.Qh5 Bd7 17.e3 Be5 18.Rd1 Na5 19.Qe2 Bc6 20.Bxc6 Qxc6 21.b3 axb3 22.axb3 Qb6
23.Qd3 Nc6 24.b4 Ra4 25.Bd2 Rfa8 26.f4 Ra3 27.Rb3 Rxb3 28.Qxb3 Bf6 29.c5 dxc5
30.Qxe6+ Kh8 31.Qxf5 cxb4 32.g4 Bc3 33.g5 Bxd2 34.Rxd2 Qxe3+ 35.Rf2 Nd4 36.Qg4 Ra1+
37.Kg2 Qe4+  0-1

[Event "TCh-UKR"]
[Site "Alushta UKR"]
[Date "2007.04.26"]
[Round "7"]
[White "Zubov,A UKR"]
[Black "Kruglyakov,P"]
[Result "0-1"]
[WhiteElo "2542"]
[BlackElo "2281"]

1.d4 Nf6 2.c4 e6 3.g3 Bb4+ 4.Bd2 Qe7 5.Bg2 Nc6 6.e3 Bxd2+ 7.Nxd2 d5 8.Ne2 O-O
9.Nc3 Nb4 10.O-O c5 11.dxc5 dxc4 12.Nce4 Nxe4 13.Nxe4 Nd3 14.Qc2 Nxc5 15.Qxc4 Nxe4
16.Bxe4 Rb8 17.Rac1 e5 18.Qc7 Qxc7 19.Rxc7 Rd8 20.Rfc1 g6 21.a4 Bh3 22.Bxb7 a5
23.e4 Rd4 24.Bd5 Rxb2 25.Bxf7+ Kh8 26.Bd5 Rdd2 27.Rf7 Rd3 28.Rb7 Rbd2 29.Re1 Rf3
30.Rf7 Rdxf2 31.Rxf3 Rxf3 32.Bc4 Ra3 33.Bb5 Ra2 34.Re2 Rxe2 35.Bxe2 Be6 36.Kf2 Kg7
37.Ke3 Kf6 38.Kd2 Ke7 39.Kc3 Kd6 40.Bc4 Bd7 41.Bg8 h6 42.Bb3 Kc5 43.Bd1 Bc6
44.Bc2 Bb7 45.Bd3 Bc8 46.Bc2 Bd7 47.Bd1 Bh3 48.Be2 Be6 49.Bd1 Bc4 50.Bc2 Be2
51.Bb3 Bf3 52.Bc2 g5 53.h4 gxh4 54.gxh4 Bg4 55.Bb3 Bh3 56.Bc2 Be6 57.Bd1 Bc4
58.Bg4 Ba6 59.Bd7 Bb7 60.Kd3 Kb4 61.Ke3 Ba6 62.Kf3 Bd3 63.Kg4 Bxe4 64.Kh5 Bc2
65.Kxh6 e4 66.Bg4 e3 67.Kg5 Bd3 68.Kf4 e2 69.Bxe2 Bxe2 70.Ke3 Bh5 71.Kd2 Kb3
72.Kc1 Bg6 73.h5 Bh7 74.h6 Bg6  0-1

[Event "Icaro Open"]
[Site "Mexico City MEX"]
[Date "2007.04.28"]
[Round "4"]
[White "Beltran,J"]
[Black "Ferriz Carrasquedo,A"]
[Result "1-0"]
[WhiteElo "2112"]
[BlackElo "2056"]

1.d4 Nf6 2.c4 e6 3.g3 Bb4+ 4.Nd2 c5 5.a3 Bxd2+ 6.Qxd2 cxd4 7.Nf3 Nc6 8.Nxd4 d5
9.Bg2 O-O 10.O-O Ne4 11.Bxe4 dxe4 12.Nxc6 bxc6 13.Qxd8 Rxd8 14.Be3 Ba6 15.Rfc1 Rd7
16.Kf1 h6 17.h4 Rad8 18.Ke1 f5 19.b3 Bc8 20.Rd1 Kf7 21.Rxd7+ Rxd7 22.Rd1 a6
23.Rxd7+ Bxd7 24.Bd4 g5 25.hxg5 hxg5 26.Be5 Kg6 27.Kd2 Bc8 28.Kc3 a5 29.Kd4 Ba6
30.Kc5 a4 31.b4 Kf7 32.b5 cxb5 33.cxb5 Bb7 34.Kd6 Bd5 35.b6 e3 36.fxe3 g4  1-0

[Event "TCh-RUS HL"]
[Site "Sochi RUS"]
[Date "2007.05.10"]
[Round "8"]
[White "Raetsky,A"]
[Black "Makarov,M"]
[Result "1/2-1/2"]
[WhiteElo "2420"]
[BlackElo "2515"]

1.d4 Nf6 2.c4 e6 3.g3 Bb4+ 4.Nd2 d5 5.Bg2 O-O 6.Nf3 b6 7.O-O Bb7 8.cxd5 exd5
9.Ne5 Re8 10.Ndf3 Ne4 11.Bf4 Bf8 12.Rc1 c5 13.Nd2 Nf6 14.Bg5 h6 15.Bxf6 Qxf6
16.e3 Na6 17.Qa4 Qd6 18.Rfd1  1/2-1/2

[Event "25th Liechtenstein Open"]
[Site "Triesen LIE"]
[Date "2007.05.12"]
[Round "2"]
[White "Likavsky,T"]
[Black "Hohler,P"]
[Result "1-0"]
[WhiteElo "2485"]
[BlackElo "2183"]

1.d4 Nf6 2.c4 e6 3.g3 Bb4+ 4.Bd2 Bxd2+ 5.Qxd2 d5 6.Bg2 c6 7.Nf3 Nbd7 8.O-O O-O
9.Na3 b6 10.Rfc1 Bb7 11.b4 Qe7 12.Qb2 a5 13.b5 c5 14.Ne5 cxd4 15.Nc6 Qd6
16.cxd5 exd5 17.Nxd4 Nc5 18.Nac2 Rfe8 19.Nf5 Qe5 20.Ncd4 Nfe4 21.Rd1 Bc8
22.Nh4 Qf6 23.Nhf3 Nd6 24.Rab1 Nc4 25.Qc1 h6 26.Nb3 Bf5 27.Ra1 Be4 28.Qf4 Qxf4
29.gxf4 Na4 30.Rac1 Rac8 31.Bh3 Rcd8 32.Nfd4 Bg6 33.f5 Bh5 34.Re1 Re4 35.Bg2 Ree8
36.Bxd5 Nd6 37.e4 g6 38.fxg6 Bxg6 39.f3 Kh7 40.Red1 Rc8 41.Bc6 Red8 42.Rd2 Rc7
43.Ne2 Nb7 44.Rxd8 Nxd8 45.Nf4 Ne6 46.Nd5 Ra7 47.Kf2 f5 48.Ke3 fxe4 49.fxe4 Rf7
50.Be8 Rb7 51.Bxg6+ Kxg6 52.Rc6 Kf7 53.Nd4 Nxd4 54.Kxd4 Kg7 55.e5 h5 56.e6  1-0

[Event "25th Liechtenstein Open"]
[Site "Triesen LIE"]
[Date "2007.05.18"]
[Round "8"]
[White "Peredy,F"]
[Black "Mertens,K"]
[Result "1-0"]
[WhiteElo "2328"]
[BlackElo "2092"]

1.d4 Nf6 2.c4 e6 3.g3 Bb4+ 4.Bd2 Qe7 5.Bg2 O-O 6.Nf3 c6 7.c5 Bxd2+ 8.Nbxd2 d6
9.cxd6 Qxd6 10.Qc2 Qe7 11.e4 Na6 12.Rc1 Bd7 13.O-O Rfc8 14.e5 Nd5 15.Ne4 h6
16.a3 Nac7 17.Nfd2 Ne8 18.Qd3 f5 19.exf6 Nexf6 20.Rfe1 b6 21.Bh3 Re8 22.f4 Nxe4
23.Rxe4 Qf6 24.Nc4 Re7 25.Ne5 Rae8 26.Nxc6 Bxc6 27.Rxc6 Qg6 28.Qe2 Nc7 29.Bg4 Qf7
30.Re5 g6 31.Qe4 Kg7 32.h4 h5 33.Bh3 Qf6 34.Qc2 Nd5 35.Rxd5  1-0

[Event "25th Liechtenstein Open"]
[Site "Triesen LIE"]
[Date "2007.05.19"]
[Round "9"]
[White "Kleinhenz,HG"]
[Black "Mertens,K"]
[Result "1/2-1/2"]
[WhiteElo "2020"]
[BlackElo "2092"]

1.d4 Nf6 2.c4 e6 3.g3 Bb4+ 4.Bd2 Qe7 5.Bg2 O-O 6.Nc3 c5 7.a3 Bxc3 8.Bxc3 d6
9.Qc2 Nbd7 10.e3 Rb8 11.Nf3 b6 12.O-O Bb7 13.Rad1 Ne4 14.Nd2 Nxc3 15.Qxc3 Nf6
16.Rfe1 a6 17.e4 e5 18.dxe5 dxe5 19.f3 Rfd8 20.Nf1 Rd4 21.Ne3 Qe6 22.b3 Rbd8
23.Qc2 g6 24.Qe2 Ne8 25.Nc2 Rxd1 26.Rxd1 Rxd1+ 27.Qxd1 Qd6 28.Qxd6 Nxd6 29.Ne3 f6
30.Bh3 Kf7 31.Kf2 Ke7 32.Ke1 Nf7 33.Kd2 Ng5 34.Bg2 Ne6 35.Nd5+ Bxd5 36.cxd5 Nd4
37.Kc3 Nb5+ 38.Kb2 Kd6 39.Bf1 Nd4 40.Bg2 a5 41.Kc3 b5 42.a4 Ne2+ 43.Kd2 Nd4
44.Kc3 Ne2+ 45.Kd2  1/2-1/2

[Event "1st WCh-Team Women"]
[Site "Ekaterinburg RUS"]
[Date "2007.05.27"]
[Round "7"]
[White "Le Thanh Tu"]
[Black "Javakhishvili,L"]
[Result "1/2-1/2"]
[WhiteElo "2306"]
[BlackElo "2425"]

1.d4 Nf6 2.c4 e6 3.g3 Bb4+ 4.Bd2 Be7 5.Bg2 d5 6.Nf3 c6 7.O-O b6 8.Qc2 O-O
9.Bf4 Ba6 10.b3 Nbd7 11.Rd1 Rc8 12.Nc3 Qe8 13.e4 dxc4 14.Nd2 e5 15.dxe5 Ng4
16.Nxc4 Bxc4 17.bxc4 Bc5 18.Rf1 Ndxe5 19.h3 Nf6 20.Nd1 Rd8 21.Be3 Qe7 22.a4 Bd4
23.Bxd4 Rxd4 24.Ne3 Qc5 25.Rfd1 Nxc4 26.Nf5 Rxd1+ 27.Rxd1 g6 28.Qc3 Qe5 29.Nh6+ Kg7
30.Qxc4 Kxh6 31.Qxc6 Re8 32.f4 Qc5+ 33.Qxc5 bxc5 34.e5 Nh5 35.Rd7 Nxg3 36.Kf2 Nf5
37.Rxf7 Re7 38.Rxe7 Nxe7 39.Ke3 g5 40.fxg5+ Kxg5 41.Kd3 Kf5 42.Kc4 Kxe5 43.Kxc5 Nf5
44.Kb5 Nd4+ 45.Ka6 Nb3 46.Kxa7 Nc5 47.a5 Nb3 48.a6 Nc5 49.Kb6 Nxa6 50.Kxa6 Kf6
51.Kb5  1/2-1/2

[Event "1st WCh-Team Women"]
[Site "Ekaterinburg RUS"]
[Date "2007.05.28"]
[Round "8"]
[White "Vasilevich,T"]
[Black "Khukhashvili,S"]
[Result "1-0"]
[WhiteElo "2383"]
[BlackElo "2334"]

1.d4 Nf6 2.c4 e6 3.g3 Bb4+ 4.Nd2 c5 5.a3 Bxd2+ 6.Qxd2 cxd4 7.Nf3 O-O 8.Bg2 d5
9.Qxd4 Nc6 10.Qh4 dxc4 11.Qxc4 e5 12.O-O Be6 13.Qa4 Qb6 14.b4 Bc4 15.Be3 Qa6
16.Qxa6 Bxa6 17.Rfe1 Nd5 18.Bc5 Rfd8 19.Rac1 Bb5 20.Ng5 Nf6 21.Rc2 Rac8 22.Be3 Ba4
23.Rd2 Rxd2 24.Bxd2 Nd4 25.Bxb7 Rc2 26.Be3 Nxe2+ 27.Kg2 h6 28.Nf3 Nc3 29.Nxe5 Nb5
30.Rc1 Nd6 31.Rxc2 Bxc2 32.Ba6 Nd5 33.Bxa7 Nc3 34.Bc5 Ndb5 35.Nc4 Bb3 36.Nd6 Ba4
37.Nxb5 Nxb5 38.Bxb5 Bxb5 39.Kf3 f5 40.Kf4 g6 41.Ke5 Kf7 42.Be3 h5 43.Kd6 Ba4
44.Kc5 Ke6 45.b5 Kd7 46.Kb4 Bd1 47.a4 Kd6 48.a5 Bf3 49.a6 Kd5  1-0

[Event "35th World Open"]
[Site "King of Prussia USA"]
[Date "2007.06.04"]
[Round "8"]
[White "Mikhalevski,V"]
[Black "Stocek,J"]
[Result "1-0"]
[WhiteElo "2590"]
[BlackElo "2567"]

1.d4 Nf6 2.c4 e6 3.g3 Bb4+ 4.Bd2 a5 5.Bg2 d6 6.Nf3 Nbd7 7.O-O e5 8.e3 c6
9.Bc1 e4 10.Ng5 d5 11.c5 h6 12.Nh3 a4 13.a3 Ba5 14.Qxa4 Nf8 15.b4 Bxh3 16.Bxh3 Bc7
17.Qd1 h5 18.f4 exf3 19.Qxf3 h4 20.g4 Qe7 21.e4 Ne6 22.exd5 Nxd4 23.Qd3 Ne2+
24.Kf2 Nxc1 25.Rxc1 Nxd5 26.Re1 Be5 27.Nc3 O-O 28.Nxd5 cxd5 29.Ra2 Rfd8 30.Rae2 Qf6+
31.Kg2 Bf4 32.Kh1 d4 33.Bg2 Be3 34.Bxb7 Ra7 35.Bg2 g6 36.Rf1 Qe6 37.b5 h3
38.Bf3 Qe5 39.b6 Ra5 40.c6 Qd6 41.c7 Rf8 42.Rxe3  1-0

[Event "29th Mem Nezhmetdinov"]
[Site "Kazan RUS"]
[Date "2007.06.05"]
[Round "5"]
[White "Virovlansky,S"]
[Black "Bocharov,D"]
[Result "0-1"]
[WhiteElo "2445"]
[BlackElo "2614"]

1.d4 Nf6 2.c4 e6 3.g3 Bb4+ 4.Bd2 Qe7 5.Bg2 Nc6 6.Nf3 Bxd2+ 7.Nbxd2 d6 8.e4 a5
9.O-O e5 10.d5 Nb8 11.Ne1 h5 12.h3 h4 13.g4 Nfd7 14.Qe2 Na6 15.Qe3 Nac5 16.b3 Nf8
17.a3 Ng6 18.Rb1 Nf4 19.b4 Nd7 20.Nd3 Nxd3 21.Qxd3 Nf8 22.c5 axb4 23.cxd6 cxd6
24.Nc4 Nd7 25.axb4 O-O 26.Rfc1 Rd8 27.Rc2 Rb8 28.Rbc1 b6 29.Qa3 Nf8 30.Qe3 Ba6
31.Na3 Ng6 32.b5 Bc8 33.Rc6 Nf4 34.Bf1 Qg5 35.Kh2 g6 36.Nc4 Bd7 37.Nxb6 Be8
38.Rc8 f5 39.gxf5 Bxb5 40.Rxd8+ Rxd8 41.Qf3 Be8 42.Qg4 Qe7 43.Rc8 Rxc8 44.Nxc8 Qd8
45.Ba6 Kh7 46.fxg6+ Bxg6 47.Na7 Bxe4 48.Bc8 Qf6 49.f3 Bg6 50.Nb5 Nxd5 51.Bb7 Ne3
52.Qd7+ Kh6 53.Qxd6 Qg5 54.f4 Qxf4+ 55.Kg1 Qg3+ 56.Kh1 Qxh3+ 57.Kg1 Qf1+  0-1

[Event "29th Mem Nezhmetdinov"]
[Site "Kazan RUS"]
[Date "2007.06.09"]
[Round "9"]
[White "Khismatullin,D"]
[Black "Iliushkin,E"]
[Result "1-0"]
[WhiteElo "2570"]
[BlackElo "2292"]

1.d4 Nf6 2.c4 e6 3.g3 Bb4+ 4.Bd2 Bxd2+ 5.Qxd2 d6 6.Bg2 O-O 7.Nf3 Nbd7 8.Nc3 e5
9.O-O Re8 10.Rfd1 Qe7 11.e4 a6 12.Rac1 c5 13.dxc5 dxc5 14.Ne1 Nb8 15.Nd5 Nxd5
16.cxd5 Qd6 17.Nd3 b6 18.b4 cxb4 19.Nxb4 Bg4 20.Re1 Bd7 21.Nc2 Bb5 22.Ne3 g6
23.Qc2 a5 24.Rb1 Ba6 25.Rec1 Nd7 26.Qc6 Qxc6 27.dxc6 Nc5 28.Rxb6 Ne6 29.c7 Bc8
30.Nd5 Kg7 31.Rb8  1-0

[Event "11th Master Open"]
[Site "Voronezh RUS"]
[Date "2007.06.14"]
[Round "3"]
[White "Gleizerov,E"]
[Black "Khlian,E"]
[Result "1-0"]
[WhiteElo "2570"]
[BlackElo "2462"]

1.d4 Nf6 2.c4 e6 3.g3 Bb4+ 4.Bd2 Be7 5.Bg2 d5 6.Nf3 O-O 7.O-O c6 8.Bf4 Nbd7
9.Qb3 Nh5 10.Be3 Nhf6 11.Nc3 Nb6 12.c5 Nc4 13.Bf4 b6 14.cxb6 axb6 15.Qc2 b5
16.b3 Na3 17.Qb2 Bb7 18.Rac1 Qb6 19.Rfd1 c5 20.dxc5 Bxc5 21.e3 Rfc8 22.Be5 Be7
23.Bf1 Bc6 24.Ne2 b4 25.Ned4 Bd7 26.Bd3 Ne8 27.e4 Rxc1 28.Qxc1 Nf6 29.Bxf6 Bxf6
30.exd5 exd5 31.Qf4 Nb5 32.Nxb5 Bxb5 33.Qxb4 Rxa2 34.Rf1 Ra5 35.Re1 Qc6 36.Qxa5 Bxd3
37.Ne5  1-0

[Event "III Perla Baltyku A"]
[Site "Mielno POL"]
[Date "2007.06.24"]
[Round "8"]
[White "Birjukov,S"]
[Black "Warakomska,A"]
[Result "1/2-1/2"]
[WhiteElo "2273"]
[BlackElo "2107"]

1.d4 Nf6 2.c4 e6 3.g3 Bb4+ 4.Bd2 a5 5.Bg2 d6 6.a3 Bxd2+ 7.Qxd2 O-O 8.Nc3 Nbd7
9.Nf3 e5 10.O-O exd4 11.Nxd4 a4 12.Qc2 Nc5 13.b4 axb3 14.Nxb3 Nfd7 15.Ne4 Nxb3
16.Qxb3 Qe7 17.e3 Ra5 18.Rfd1 Re5 19.Qc2 Nc5 20.Nxc5 Rxc5 21.Rd5 Rd8 22.Rad1 b6
23.Qd3 Bg4 24.f3 Rxd5 25.cxd5 Bd7 26.Rc1 Bb5 27.Qc3 Rc8 28.e4 Qd7 29.Bf1 Bxf1
30.Kxf1 f6 31.Kg2 Kf7 32.f4 Qb5 33.Rc2 Ke7 34.h4 Qd7 35.Qc4 Kd8 36.e5 fxe5
37.fxe5 dxe5 38.Rf2 Qe7 39.h5 h6 40.a4 e4 41.Re2 e3 42.Qd4 Qc5 43.Qxc5 bxc5
44.Rxe3 Ra8 45.Re4 Ra6 46.Rg4 Rd6 47.Rxg7 Rxd5 48.g4 c4 49.Rf7 c3 50.Rf1 Ke7
51.Kf3 c2 52.Rc1 Rc5 53.a5 Kd6 54.a6 Kc6 55.Ke4 Kb6 56.Kd3 Rg5 57.Rxc2 Rxg4
58.a7 Ra4 59.Rf2 Kxa7 60.Rf7 Rh4  1/2-1/2

[Event "Tespo Engineering"]
[Site "Brno CZE"]
[Date "2007.06.30"]
[Round "2"]
[White "Jirka,J"]
[Black "Zilka,S"]
[Result "0-1"]
[WhiteElo "2367"]
[BlackElo "2419"]

1.d4 Nf6 2.c4 e6 3.g3 Bb4+ 4.Bd2 Qe7 5.Bg2 Nc6 6.Nf3 Bxd2+ 7.Nbxd2 d6 8.O-O O-O
9.e4 e5 10.d5 Nb8 11.Ne1 Nbd7 12.b4 c5 13.dxc6 bxc6 14.Nd3 Ne8 15.f4 Nc7
16.f5 a5 17.a3 axb4 18.axb4 Rxa1 19.Qxa1 Qg5 20.Qe1 Ba6 21.Nf3 Qd8 22.Qc3 Qb8
23.Rd1 Qa7+ 24.Nf2 Nf6 25.c5 Nb5 26.Qc1 dxc5 27.Nxe5 cxb4 28.Nxc6 Qb6 29.Nxb4 Ng4
30.Rd2 Nxf2 31.Rxf2 Nd4 32.Qe1 Rc8 33.Nd5 Qa7 34.Ne3 Nb3 35.Nf1 Rc1 36.Qb4 Rc2
37.Qe1 Re2 38.Qxe2 Bxe2 39.h3 Nc1  0-1

[Event "Copa Puma Mercosur"]
[Site "Villa Martelli ARG"]
[Date "2007.07.07"]
[Round "1"]
[White "Pacheco,M"]
[Black "Slipak,S"]
[Result "1/2-1/2"]
[WhiteElo "2405"]
[BlackElo "2435"]

1.d4 Nf6 2.c4 e6 3.g3 Bb4+ 4.Nd2 c5 5.dxc5 Bxc5 6.Bg2 O-O 7.Ngf3 Nc6 8.Nb3 Bb6
9.O-O d5 10.cxd5 exd5 11.Nbd4 Re8 12.b3 Bg4 13.Bb2 Rc8 14.e3 Ne4 15.Rc1 Qd7  1/2-1/2

[Event "6th Open"]
[Site "La Fere FRA"]
[Date "2007.07.08"]
[Round "2"]
[White "Defrance,L"]
[Black "Dobrev,Nan"]
[Result "0-1"]
[WhiteElo "2178"]
[BlackElo "2469"]


1.d4 Nf6 2.c4 e6 3.g3 Bb4+ 4.Bd2 Qe7 5.Bg2 Nc6 6.e3 d5 7.a3 Bxd2+ 8.Nxd2 O-O
9.Ngf3 Rd8 10.O-O a5 11.Qc2 Bd7 12.Rac1 Rac8 13.Rfd1 Be8 14.cxd5 exd5 15.Qc5 Rd6
16.b4 Nd7 17.Qc3 axb4 18.axb4 Rh6 19.b5 Nd8 20.Qb3 Nb6 21.Rc3 Bd7 22.Rdc1 Bh3
23.Bh1 Ne6 24.Qa3 Qe8 25.Qb3 Ra8 26.Ne5 Ra5 27.Rb1 Bf5 28.Nd3 Na4 29.Rc2 Nb6
30.Rc3 Qd8 31.Rcc1 Qa8 32.Rc3 Ra2 33.Rb2 Ra1+ 34.Rb1 Nc4 35.Qd1 Rxb1 36.Nxb1 c6
37.bxc6 bxc6 38.Rb3 Nf8 39.Nc5 Qc8 40.Bg2 Bh3 41.Bh1 Qf5 42.Nd2 Rf6 43.Qe1 Nd6
44.Rb2 h5 45.Nf3 Nc4 46.Ra2 g5 47.Nd2 Nxd2 48.Rxd2 h4 49.e4 dxe4 50.Bxe4 Qg4
51.Qe2 Qxe2 52.Rxe2 Rd6 53.Rd2 Kg7 54.Bg2 Bf5 55.Be4 Kf6 56.f3 Ne6 57.Nxe6 fxe6
58.Kf2 Bxe4 59.fxe4 e5 60.d5 cxd5 61.Rxd5 hxg3+ 62.hxg3 Ke6 63.Ra5 g4 64.Ra8 Rd2+
65.Ke3 Rg2 66.Rg8 Rxg3+ 67.Kf2 Rf3+ 68.Ke2 Rf4 69.Ke3 Kd6 70.Rg6+ Kc5 71.Rg5 Rf3+
72.Ke2 Kd4 73.Rxg4 Re3+ 74.Kd2 Rh3 75.Ke2 Rh8 76.Kf3 Kd3 77.Rg5 Kd4 78.Rg4 Rh2
79.Rg8 Rh3+ 80.Kg4 Re3 81.Kf5 Rf3+ 82.Ke6 Rf4 83.Ra8 Rxe4 84.Rd8+ Ke3 85.Rf8 Rf4
86.Rb8 e4 87.Ke5 Rh4 88.Rb3+ Kf2 89.Rb2+ Kf3 90.Rb4 Rh8 91.Rb7 Re8+ 92.Kd4 Rd8+
93.Ke5 e3 94.Rf7+ Kg2 95.Rg7+ Kf2 96.Rf7+ Ke1 97.Ke4 e2 98.Ra7 Re8+ 99.Kd3 Kf2
100.Rf7+ Kg3 101.Rg7+ Kf4 102.Rf7+ Kg5  0-1